Giáo trình đại học đại cương giải tích

Đã lưu trong:
Sonraí Bibleagrafaíochta
Formáid: Leabhar
Clibeanna: Cuir Clib Leis
Gan Chlibeanna, Bí ar an gcéad duine leis an taifead seo a chlibeáil!
Thư viện lưu trữ: Mạng thư viện Đại học Đà Nẵng
LEADER 00607nam a2200193 4500
001 000007950
003 4127
005 20150812140847.0
008 111013s sd
245 0 0 |a Giáo trình đại học đại cương giải tích  |c Nguyễn Xuân Liêm 
774 |a Nguyễn Xuân Liêm  |b Tái bản lần thứ nhất  |d Giáo dục  |d H.  |d 2001  |g T.2  |h 516tr  |t Giải tích  |w 4130 
OWN |a LSP 
999 |a From the UDN01 
TYP |a Monograph 
TYP |a Printed language 
980 |a Mạng thư viện Đại học Đà Nẵng